Labor relations in Japan today

Kaydedildi:
Detaylı Bibliyografya
Yazar: Hanami, Tadashi
Materyal Türü: Kitap
Dil:Undetermined
Baskı/Yayın Bilgisi: Tokyo Kodansha International, Ltd. 1979
Konular:
Etiketler: Etiketle
Etiket eklenmemiş, İlk siz ekleyin!
Thư viện lưu trữ: Trung tâm Học liệu Trường Đại học Cần Thơ
LEADER 00477nam a2200181Ia 4500
001 CTU_85789
008 210402s9999 xx 000 0 und d
082 |a 331 
082 |b H233 
100 |a Hanami, Tadashi 
245 0 |a Labor relations in Japan today 
245 0 |c Tadashi Hanami 
260 |a Tokyo 
260 |b Kodansha International, Ltd. 
260 |c 1979 
650 |a Labor relations 
904 |i Năm 
980 |a Trung tâm Học liệu Trường Đại học Cần Thơ